Collected plays / (Record no. 23107)

MARC details
000 -LEADER
fixed length control field 00589nam a2200205Ia 4500
008 - FIXED-LENGTH DATA ELEMENTS--GENERAL INFORMATION
fixed length control field 210303s9999 xx 000 0 und d
016 ## - NATIONAL BIBLIOGRAPHIC AGENCY CONTROL NUMBER
Source reto2022b
020 ## - INTERNATIONAL STANDARD BOOK NUMBER
ISBN 0394716701
040 ## - CATALOGING SOURCE
Original cataloging agency NLN
Language of cataloging English
Description conventions AACR2
100 ## - MAIN ENTRY--AUTHOR
Author BRECHT, Bertolt
Dates associated with a name 1898-1956
Relator term aut
245 #0 - TITLE STATEMENT
Title Collected plays /
Statement of responsibility, etc Bertolt Brecht
260 ## - PUBLICATION, DISTRIBUTION, ETC. (IMPRINT)
Place of publication New York :
Name of publisher Vintage Books,
Date of publication 1974
300 ## - COLLATION
Pagination v, ;
Other physical details 19cm.
563 ## - BINDING INFORMATION
Binding note (pbk)
650 ## - TRACINGS
Main Subject Brecht, Bertolt, 1898-1956
Subdivision (1st) Translations into English.
942 ## - ADDED ENTRY ELEMENTS (KOHA)
Item type Books
050 ## - LIBRARY OF CONGRESS CALL NUMBER
Classification number PT2603.R397
Item number B858
082 ## - DEWEY DECIMAL CLASSIFICATION NUMBER
Classification number 832.912
Holdings
Withdrawn status Lost status Source of classification or shelving scheme Damaged status Not for loan Home library Current library Date acquired Total Checkouts Full call number Barcode. Date last seen Price effective from Koha item type
    Library of Congress Classification     LAGOS BRANCH National Library of Nigeria 04/03/2021   PT2603.R397 B858 2024-555555550998127 04/03/2021 04/03/2021 Books

National Library of Nigeria OPAC is powered by Koha